000
00201nam a22000977a 4500
082
_a
823
100
_a
MARINA ANDRADE
245
_a
THE MAGIC BAG AND OTHER STORIES
650
_a
ENGLISH STORY
942
_c
BK
999
_c
8491
_d
8491